বাংলা বাঙালি বাংলাদেশ / (Record no. 30901)
[ view plain ]
| 000 -LEADER | |
|---|---|
| fixed length control field | 00748nam a22002057a 4500 |
| 003 - CONTROL NUMBER IDENTIFIER | |
| control field | BDDh-ASL |
| 005 - DATE AND TIME OF LATEST TRANSACTION | |
| control field | 20231015031215.0 |
| 008 - FIXED-LENGTH DATA ELEMENTS--GENERAL INFORMATION | |
| fixed length control field | 210922s2005 b ||||| |||| 00| 0 b d |
| 040 ## - CATALOGING SOURCE | |
| Transcribing agency | BDDh-ASL |
| 041 ## - LANGUAGE CODE | |
| Language code of text/sound track or separate title | bengali |
| 082 ## - DEWEY DECIMAL CLASSIFICATION NUMBER | |
| Classification number | 954.92 |
| Item number | BAN |
| 245 10 - TITLE STATEMENT | |
| Title | বাংলা বাঙালি বাংলাদেশ / |
| 246 ## - VARYING FORM OF TITLE | |
| Title proper/short title | Bangla Bangali Bangladesh |
| 260 ## - PUBLICATION, DISTRIBUTION, ETC. | |
| Place of publication, distribution, etc. | ফেনী: |
| Name of publisher, distributor, etc. | কালান্তর গোষ্ঠী, |
| Date of publication, distribution, etc. | ২০০৫। |
| 300 ## - PHYSICAL DESCRIPTION | |
| Extent | ৪৬৩ পৃষ্ঠা, : |
| Dimensions | ২২ সে. মি. |
| 650 #0 - SUBJECT ADDED ENTRY--TOPICAL TERM | |
| 9 (RLIN) | 1349 |
| Topical term or geographic name entry element | History |
| Geographic subdivision | Bangladesh |
| 650 #0 - SUBJECT ADDED ENTRY--TOPICAL TERM | |
| Topical term or geographic name entry element | Bangladesher Itihas (বাংলাদেশের ইতিহাস) |
| 9 (RLIN) | 6339 |
| 700 1# - ADDED ENTRY--PERSONAL NAME | |
| Personal name | আবেদী, জয়নাল |
| 9 (RLIN) | 7420 |
| 942 ## - ADDED ENTRY ELEMENTS (KOHA) | |
| Source of classification or shelving scheme | Dewey Decimal Classification |
| Koha item type | Books |
| Withdrawn status | Lost status | Source of classification or shelving scheme | Damaged status | Not for loan | Collection code | Home library | Current library | Shelving location | Date acquired | Source of acquisition | Total Checkouts | Full call number | Barcode | Date last seen | Copy number | Price effective from | Koha item type |
|---|---|---|---|---|---|---|---|---|---|---|---|---|---|---|---|---|---|
| Dewey Decimal Classification | Non-fiction | Asiatic Society Library | Asiatic Society Library | Wakil Ahmed Collection | 03/08/2023 | Donated by Prof. Wakil Ahmed | 954.92 BAN | 119458 | 03/08/2023 | C-1 | 03/08/2023 | Books |